000
00301nam a2200109Ia 4500
005
20251222153647.0
008
251222s9999||||xx |||||||||||||| ||spa||
082
_a
657.46/C533
100
_a
"Chávez Ackerman, PascualFerreyra García, José"
245
0
_a
Tratado de auditoría tributaria
942
_c
LIB
999
_c
32978
_d
32978